[Event "EYCC 2024 - G14"]
[Site "?"]
[Date "2024.08.28"]
[Round "6.16"]
[White "Andries, Leia"]
[Black "Khairova, Evelina"]
[Result "1/2-1/2"]
[BlackElo "1717"]
[WhiteElo "1937"]
[LiveChessVersion "1.4.8"]

1. e4 {[%clk 1:30:59]} c6 {[%clk 1:30:55]} 2. d4 {[%clk 1:31:26]} d5
{[%clk 1:31:20]} 3. e5 {[%clk 1:31:52]} Bf5 {[%clk 1:31:39]} 4. h4
{[%clk 1:32:15]} a6 {[%clk 1:31:47]} 5. h5 {[%clk 1:32:39]} c5 {[%clk 1:21:49]}
6. dxc5 {[%clk 1:31:52]} Nc6 {[%clk 1:21:37]} 7. Nf3 {[%clk 1:20:30]} Bg4
{[%clk 1:13:18]} 8. Be2 {[%clk 1:14:41]} e6 {[%clk 1:05:44]} 9. Nd4
{[%clk 0:58:13]} Bxe2 {[%clk 0:58:04]} 10. Nxc6 {[%clk 0:57:55]} Bxd1
{[%clk 0:49:49]} 11. Nxd8 {[%clk 0:58:11]} Rxd8 {[%clk 0:46:16]} 12. Kxd1
{[%clk 0:58:32]} Bxc5 {[%clk 0:46:13]} 13. Ke2 {[%clk 0:49:49]} h6
{[%clk 0:41:06]} 14. Nd2 {[%clk 0:48:37]} Ne7 {[%clk 0:39:42]} 15. Nb3
{[%clk 0:43:36]} Bb6 {[%clk 0:29:07]} 16. Rh3 {[%clk 0:40:25]} f6
{[%clk 0:25:50]} 17. Rg3 {[%clk 0:31:45]} Kf7 {[%clk 0:23:32]} 18. Rf3
{[%clk 0:19:12]} Nc6 {[%clk 0:20:31]} 19. Bf4 {[%clk 0:15:12]} Ke7
{[%clk 0:18:06]} 20. exf6+ {[%clk 0:14:20]} gxf6 {[%clk 0:18:30]} 21. Rg3
{[%clk 0:11:24]} Kf7 {[%clk 0:13:36]} 22. a4 {[%clk 0:07:53]} e5 {[%clk 0:13:07]}
23. Bd2 {[%clk 0:07:34]} Rdg8 {[%clk 0:08:35]} 24. Rxg8 {[%clk 0:06:57]} Rxg8
{[%clk 0:08:49]} 25. g3 {[%clk 0:07:11]} f5 {[%clk 0:06:33]} 26. a5
{[%clk 0:05:03]} Ba7 {[%clk 0:06:35]} 27. Rh1 {[%clk 0:05:02]} Rh8
{[%clk 0:05:56]} 28. Rh4 {[%clk 0:04:23]} Ke6 {[%clk 0:05:19]} 29. Nc1
{[%clk 0:03:28]} Nd4+ {[%clk 0:05:30]} 30. Kd1 {[%clk 0:01:57]} Nf3
{[%clk 0:02:01]} 31. Rb4 {[%clk 0:01:59]} Bxf2 {[%clk 0:01:40]} 32. Ne2
{[%clk 0:02:03]} Nxd2 {[%clk 0:01:32]} 33. Kxd2 {[%clk 0:02:23]} Rh7
{[%clk 0:01:42]} 34. Rb3 {[%clk 0:02:25]} Rg7 {[%clk 0:01:24]} 35. Rf3
{[%clk 0:02:18]} Bc5 {[%clk 0:01:42]} 36. c3 {[%clk 0:02:04]} Rg5
{[%clk 0:01:39]} 37. b4 {[%clk 0:01:52]} Ba7 {[%clk 0:01:18]} 38. c4
{[%clk 0:01:17]} dxc4 {[%clk 0:01:05]} 39. Kc3 {[%clk 0:01:42]} Kd5
{[%clk 0:01:08]} 40. Rf1 {[%clk 0:01:36]} Bd4+ {[%clk 0:01:28]} 41. Kd2
{[%clk 0:01:32]} Rxh5 {[%clk 0:01:03]} 42. Kd1 {[%clk 0:01:12]} Ke4
{[%clk 0:00:58]} 43. g4 {[%clk 0:01:28]} Rh3 {[%clk 0:00:41]} 44. gxf5
{[%clk 0:01:47]} Ke3 {[%clk 0:00:43]} 45. f6 {[%clk 0:02:06]} e4 {[%clk 0:00:54]}
46. Nxd4 {[%clk 0:02:24]} Kxd4 {[%clk 0:00:40]} 47. f7 {[%clk 0:02:47]} Rd3+
{[%clk 0:00:35]} 48. Kc2 {[%clk 0:03:06]} Rc3+ {[%clk 0:00:58]} 49. Kb2
{[%clk 0:03:30]} Rb3+ {[%clk 0:01:21]} 50. Ka2 {[%clk 0:03:52]} Kc3
{[%clk 0:00:59]} 51. f8=Q {[%clk 0:04:15]} Rb2+ {[%clk 0:01:22]} 52. Ka1
{[%clk 0:04:34]} Kb3 {[%clk 0:01:17]} 53. Rf3+ {[%clk 0:03:19]} exf3
{[%clk 0:00:56]} 54. Qxf3+ {[%clk 0:03:33]} c3 {[%clk 0:01:07]} 55. Qf7+
{[%clk 0:03:39]} Ka3 {[%clk 0:00:57]} 56. Qc4 {[%clk 0:03:25]} Rc2
{[%clk 0:00:41]} 57. Kb1 {[%clk 0:03:47]} Rb2+ {[%clk 0:00:45]} 58. Kc1
{[%clk 0:04:11]} Rxb4 {[%clk 0:00:38]} 59. Qxc3+ {[%clk 0:04:20]} Ka4
{[%clk 0:00:55]} 60. Kc2 {[%clk 0:04:31]} Kxa5 {[%clk 0:01:00]} 61. Qc7+
{[%clk 0:03:30]} b6 {[%clk 0:01:11]} 62. Kc3 {[%clk 0:02:53]} Rb5
{[%clk 0:01:08]} 63. Qh2 {[%clk 0:02:49]} Rc5+ {[%clk 0:01:30]} 64. Kd4
{[%clk 0:03:09]} h5 {[%clk 0:00:54]} 65. Qb2 {[%clk 0:03:23]} h4 {[%clk 0:00:35]}
66. Qb3 {[%clk 0:03:34]} Rg5 {[%clk 0:00:35]} 67. Qa3+ {[%clk 0:03:41]} Kb5
{[%clk 0:00:56]} 68. Qb2+ {[%clk 0:04:03]} Kc6 {[%clk 0:00:43]} 69. Qc1+
{[%clk 0:04:22]} Rc5 {[%clk 0:01:08]} 70. Qh1+ {[%clk 0:04:23]} Kb5
{[%clk 0:01:26]} 71. Qf1+ {[%clk 0:04:29]} Ka5 {[%clk 0:00:49]} 72. Qe1+
{[%clk 0:04:37]} Kb5 {[%clk 0:01:09]} 73. Qe2+ {[%clk 0:04:58]} Ka5
{[%clk 0:01:13]} 74. Qd2+ {[%clk 0:04:39]} Kb5 {[%clk 0:01:25]} 75. Qd3+
{[%clk 0:04:16]} Kc6 {[%clk 0:01:03]} 76. Qxa6 {[%clk 0:04:30]} h3
{[%clk 0:01:18]} 77. Qa8+ {[%clk 0:04:37]} Kb5 {[%clk 0:01:36]} 78. Qe8+
{[%clk 0:04:53]} Ka5 {[%clk 0:01:52]} 79. Qh8 {[%clk 0:04:36]} Kb4
{[%clk 0:01:51]} 80. Qxh3 {[%clk 0:04:40]} Rc4+ {[%clk 0:02:16]} 81. Kd5
{[%clk 0:04:56]} b5 {[%clk 0:02:17]} 82. Qd3 {[%clk 0:04:39]} Rc5+
{[%clk 0:02:01]} 83. Kd6 {[%clk 0:04:50]} Rc3 {[%clk 0:01:46]} 84. Qb1+
{[%clk 0:05:04]} Ka4 {[%clk 0:01:03]} 85. Qa1+ {[%clk 0:04:23]} Ra3
{[%clk 0:01:03]} 86. Qd4+ {[%clk 0:04:23]} b4 87. Kd5 {[%clk 0:03:26]} Rc3
{[%clk 0:00:59]} 88. Qd1+ {[%clk 0:02:40]} Ka3 {[%clk 0:00:48]} 89. Qa1+
{[%clk 0:02:13]} Kb3 {[%clk 0:01:14]} 90. Qb1+ {[%clk 0:02:25]} Ka3
{[%clk 0:01:05]} 91. Kd4 {[%clk 0:02:24]} Rc7 {[%clk 0:00:40]} 92. Qa1+
{[%clk 0:01:58]} Kb3 {[%clk 0:01:06]} 93. Qb1+ {[%clk 0:02:09]} Ka3
{[%clk 0:01:32]} 94. Qd3+ {[%clk 0:02:09]} b3 {[%clk 0:01:14]} 95. Qa6+
{[%clk 0:01:49]} Kb2 {[%clk 0:01:39]} 96. Qe2+ {[%clk 0:01:57]} Rc2
{[%clk 0:01:30]} 97. Qb5 {[%clk 0:02:01]} Ka2 {[%clk 0:01:01]} 98. Qa4+
{[%clk 0:02:16]} Kb2 {[%clk 0:01:23]} 99. Qb4 {[%clk 0:01:37]} Rh2
{[%clk 0:01:17]} 100. Qb5 {[%clk 0:01:34]} Kc2 {[%clk 0:00:49]} 101. Qc4+
{[%clk 0:01:43]} Kb2 {[%clk 0:01:12]} 102. Qc3+ {[%clk 0:00:47]} Ka2
{[%clk 0:01:11]} 103. Qa5+ {[%clk 0:01:12]} Kb1 {[%clk 0:01:02]} 104. Qe1+
{[%clk 0:01:33]} Ka2 {[%clk 0:00:56]} 105. Qa5+ {[%clk 0:01:43]} 1/2-1/2